Memoria del Ministerio de Justicia: 11 de Septiembre de 1973 al 31 de Diciembre de 1979
Saved in:
| Format: | Bog |
|---|---|
| Sprog: | spansk |
| Udgivet: |
Santiago
Ministerio de Justicia
1980
|
| Fag: | |
| Tags: |
Tilføj Tag
Ingen Tags, Vær først til at tagge denne postø!
|
MARC
| LEADER | 00000nam a2200000 a 4500 | ||
|---|---|---|---|
| 001 | UCS0396 | ||
| 003 | CL-VaPUC | ||
| 008 | 970426e19800000CL |||||||||||||||||spa|d | ||
| 082 | 0 | 4 | |a 351.05 |b MEM |2 21 |
| 245 | 1 | 0 | |a Memoria del Ministerio de Justicia: 11 de Septiembre de 1973 al 31 de Diciembre de 1979 |
| 300 | |a 283 p | ||
| 942 | |c BK | ||
| 945 | |d 19970426 00:00:00 |a cmena | ||
| 260 | |a Santiago |b Ministerio de Justicia |c 1980 | ||
| 600 | 0 | 7 | |a MINISTERIO DE JUSTICIA |2 CL-VaPUC |9 383799 |
| 600 | 0 | 7 | |a MINISTERIO PUBLICO |2 CL-VaPUC |9 383800 |
| 600 | 0 | 7 | |a OPLAP |2 CL-VaPUC |9 383801 |
| 600 | 0 | 7 | |a CONSEJO DE DEFENSA DEL ESTADO |2 CL-VaPUC |9 355226 |
| 600 | 0 | 7 | |a GENDARMERIA DE CHILE |2 CL-VaPUC |9 383802 |
| 600 | 0 | 7 | |a SERVICIO DE REGISTRO CIVIL E IDENTIFICACION |2 CL-VaPUC |9 383803 |
| 600 | 0 | 7 | |a SERVICIO MEDICO LEGAL |2 CL-VaPUC |9 383804 |
| 600 | 0 | 7 | |a SERVICIO NACIONAL DE MENORES |2 CL-VaPUC |9 383805 |
| 650 | 0 | |a Poder judicial |9 254871 | |
| 650 | 0 | |a Tribunales de justicia |9 328494 | |
| 651 | 7 | |a CHILE |2 CL-VaPUC |9 383806 | |
| 583 | |a last modification |c 19970426 00:00:00 |k Rodrigo Vera | ||
| 999 | |c 258625 |d 258623 | ||
| 952 | |0 0 |1 0 |4 0 |6 351_050000000000000_MEM_1980 |7 0 |8 A |9 282872 |a BIBDER |b BIBDER |d 2019-11-19 |i 1835211 |o 351.05 MEM 1980 |p 1835211 |r 2023-01-25 |w 2019-11-19 |y BK |k DER | ||